000 00208nam a22000857a 4500
008 170526b xxu||||| |||| 00| 0 eng d
100 _93122
_aMacmillan
245 _aLet go USA Including Canada
260 _aUSA
_c1998
999 _c6410
_d6410